Bismarck: El canciller de hierro. Historia de un luchador

Gardado en:
Detalles Bibliográficos
Autor Principal: Ludwig, Emil (autor)
Formato: Libro
Idioma:Lingua castelá
Publicado: Santiago Osiris 1932
Edición:1a. ed
Series:Colección Osiris
Subjects:
Tags: Engadir etiqueta
Sen Etiquetas, Sexa o primeiro en etiquetar este rexistro!

MARC

LEADER 00000nam a2200000 a 4500
001 UCH1337
003 CL-VaPUC
008 090420e19320000CL |||||||||||||||||spa|d
082 0 4 |a 923.1  |b LUD  |2 21 
100 |a Ludwig, Emil  |e autor  |9 588142 
245 1 0 |a Bismarck: El canciller de hierro. Historia de un luchador 
250 |a 1a. ed 
300 |a v 
942 |c BK 
945 |d 20090420 00:00:00  |a dcastane 
260 |a Santiago  |b Osiris  |c 1932 
500 |a v.6: El peregrino 
500 |a v.8: El luchador 
500 |a v.10: El constructor 
500 |a v.12: El gobernante 
500 |a v.14: El desterrado 
600 0 7 |a VON BISMARCK, OTTO  |2 CL-VaPUC  |9 535782 
650 0 |a Biografías  |9 255210 
583 |a last modification  |c 20090420 00:00:00  |k Rodrigo Vera 
490 0 |a Colección Osiris 
999 |c 333387  |d 333385 
952 |0 0  |1 0  |4 0  |6 923_100000000000000_LUD_1932  |7 0  |8 X  |9 421741  |a BIBHIS  |b BIBHIS  |d 2019-11-22  |h v.6  |i 4518322  |o 923.1 LUD 1932  |p 4518322  |r 2024-01-30  |w 2019-11-22  |y BK_X  |k HIS 
952 |0 0  |1 0  |4 0  |6 923_100000000000000_LUD_1932  |7 0  |8 X  |9 421742  |a BIBHIS  |b BIBHIS  |d 2019-11-22  |h v.8  |i 4518330  |o 923.1 LUD 1932  |p 4518330  |r 2024-01-30  |w 2019-11-22  |y BK_X  |k HIS 
952 |0 0  |1 0  |4 0  |6 923_100000000000000_LUD_1932  |7 0  |8 X  |9 421743  |a BIBHIS  |b BIBHIS  |d 2019-11-22  |h v.10  |i 4518349  |o 923.1 LUD 1932  |p 4518349  |r 2024-01-30  |w 2019-11-22  |y BK_X  |k HIS 
952 |0 0  |1 0  |4 0  |6 923_100000000000000_LUD_1932  |7 0  |8 X  |9 421744  |a BIBHIS  |b BIBHIS  |d 2019-11-22  |h v.12  |i 4518357  |o 923.1 LUD 1932  |p 4518357  |r 2024-01-30  |w 2019-11-22  |y BK_X  |k HIS 
952 |0 0  |1 0  |4 0  |6 923_100000000000000_LUD_1932  |7 0  |8 X  |9 421745  |a BIBHIS  |b BIBHIS  |d 2019-11-22  |h v.14  |i 4518365  |o 923.1 LUD 1932  |p 4518365  |r 2024-01-30  |w 2019-11-22  |y BK_X  |k HIS